00959 2200325 4500001002100000005001500021035002000036007000300056008004100059020002200100082001700122084001900139100002500158245006700183250003100250300003900281650001400320700003500334264003900369336002100408337003000429338002300459040002200482090002200504850001200526504002900538999002200567990002200589990002200611INLIS00000000088308220231215013213 a0010-1123000161ta231108s2023 yoi g ind d a978-623-7845-53-904223a657.8333 a657.8333 KRI a0 aKrismiajiePengarang10aAkuntansi keuangan pengantar /cKrismiaji, Dwi Haryono Wiratno aCetakan pertama, Juli 2023 axii, 242 halaman :btabel ;c24 cm 4aAkuntansi0 aDwi Haryono WiratnoePengarang31aYogyakarta :bUPP STIM YKPN,c2023 2rdacontentateks 2rdamediaatanpa perantara 2rdacarrieravolume aYOPDYOGbinderda aCB-D.11 2023-3122 aYOPDYOG aBibliografi: halaman 241 aCB-D.11/2023-3122 aCB-D.11/2023-2913 aCB-D.11/2023-3122